| 000 | 01988cam0a2200433 4500 | ||
|---|---|---|---|
| 001 | 14038 | ||
| 003 | http://www.sudoc.fr/263548856 | ||
| 005 | 20260311141115.0 | ||
| 010 |
_a9782874281297 _d17 EUR |
||
| 035 | _a(OCoLC)1335137327 | ||
| 073 | 2 | _a9782874281297 | |
| 090 | _a14038 | ||
| 099 | _o0 | ||
| 100 | _a20220712d2022 m y0frey50 ba | ||
| 101 | 0 | _afre | |
| 101 | 0 |
_ffre _fara _jgoh |
|
| 102 | _aBE | ||
| 105 | _aa a 000yd | ||
| 181 |
_6z01 _ctxt _2rdacontent |
||
| 181 | 1 |
_6z01 _ai# _bxxxe## |
|
| 182 |
_6z01 _cn _2rdamedia |
||
| 182 | 1 |
_6z01 _an |
|
| 183 | 1 |
_6z01 _anga _2RDAfrCarrier |
|
| 200 | 1 |
_aScènes contemporaines des mondes arabes _d= المسارح العربية المعاصرة _bLIVR |
|
| 200 | 1 |
_aScènes contemporaines des mondes arabes _d= Al-Masāraḥ al-ʿarabiyyaẗ al-muʿāṣiraẗ _bLIVR |
|
| 200 | 1 | _zara | |
| 200 | 1 | _zara | |
| 214 | 0 |
_cAlternatives théâtrales _d2022 |
|
| 214 | 0 | _aBruxelles | |
| 215 | _a1 vol. (79 p.) | ||
| 215 |
_cphotogr. en coul., couv. ill. en coul. _d30 cm |
||
| 305 | _aN° de : "Alternatives théâtrales", ISSN 0774-4145, (Juillet 2022), n°147 | ||
| 320 | _aNotes bibliogr. | ||
| 330 | _aQue sait-on des scènes contemporaines des mondes arabes? De leurs contextes de création ? Des artistes qui les font naître et vivre, ici et là-bas ? De l'Irak à la Palestine, en passant par la résistance artistque des Printemps arabes, ce numéro est un "chant d'amour" aurait dit Jean Genet, captif amoureux de ces mondes. Éclectique et passionné mais éloigné d'un orientalisme naïf, ce numéro propose donc une immersion dans ces scènes passionnantes aux esthétiques et idées puissantes | ||
| 461 |
_0039731227 _tAlternatives théâtrales _x0774-4145 _v147 |
||
| 606 |
_3027253066 _aThéâtre _3027228959 _yPays arabes _2rameau |
||
| 606 |
_3029772990 _aThéâtre (genre littéraire) arabe _3086305646 _zXXe siècle _2rameau |
||
| 608 |
_3122706463 _aArticles de périodiques _2rameau |
||
| 801 | 3 |
_aFR _bAbes _c20240130 _gAFNOR |
|